Statistics for Atp tennis Grand Slams finals since 2000

Click here to take the quiz!

General Stats

  • This quiz has been taken 105 times
    (52 since last reset)
  • The average score is 43 of 95

Answer Stats

TournamentYearFinal% Correct
US Open2023Djokovic Medvedev
97%
Wimbledon2023Alcaraz Djokovic
95%
Roland Garros2023Djokovic Ruud
92%
Australian Open2023Djokovic Tsitsipas
86%
US Open2022Alcaraz Ruud
81%
Wimbledon
2022
Djokovic Kyrgios
81%
Roland Garros2022Nadal Ruud
81%
US Open2021Medvedev Djokovic
76%
Roland Garros2021Djokovic Tsitsipas
73%
Roland Garros2020Nadal Djokovic
73%
Australian Open2022Nadal Medvedev
73%
US Open2020Thiem Zverev
70%
Wimbledon2021Djokovic Berrettini
68%
Australian Open2021Djokovic Medvedev
68%
Wimbledon2019Djokovic Federer
65%
Roland Garros2019Nadal Thiem
59%
Australian Open2015Djokovic Murray
54%
Roland Garros2016Djokovic Murray
54%
Australian Open2016Djokovic Murray
54%
Australian Open2019Djokovic Nadal
54%
Australian open2020Djokovic Thiem
54%
US Open2019Nadal Medvedev
54%
Roland Garros2015Wawrinka Djokovic
54%
Wimbledon2007Federer Nadal
51%
Roland Garros2012Nadal Djokovic
51%
Roland Garros2014Nadal Djokovic
51%
Roland Garros2018Nadal Thiem
51%
US Open2016Wawrinka Djokovic
51%
US Open2014Cilic Nishikori
49%
Wimbledon2018Djokovic Anderson
49%
US Open2018Djokovic Del Potro
49%
Wimbledon2015Djokovic Federer
49%
Australian Open2012Djokovic Nadal
49%
US Open2011Djokovic Nadal
49%
Wimbledon2017Federer Cilic
49%
Australian Open2017Federer Nadal
49%
Wimbledon2016Murray Raonic
49%
Roland Garros2007Nadal Federer
49%
Roland Garros2008Nadal Federer
49%
Wimbledon2008Nadal Federer
49%
US Open2009Del Potro Federer
46%
US Open2015Djokovic Federer
46%
Roland Garros2009Federer Soderling
46%
Roland Garros2006Nadal Federer
46%
Roland Garros2011Nadal Federer
46%
Wimbledon2014Djokovic Federer
43%
Australian Open2011Djokovic Murray
43%
Australian Open2013Djokovic Murray
43%
Wimbledon2011Djokovic Nadal
43%
Australian Open2008Djokovic Tsonga
43%
Australian Open2018Federer Cilic
43%
Wimbledon2009Federer Roddick
43%
US Open2006Federer Roddick
43%
US Open2013Nadal Djokovic
43%
Roland Garros2013Nadal Ferrer
43%
Roland Garros2010Nadal Soderling
43%
Roland Garros2017Nadal Wawrinka
43%
Wimbledon2006Federer Nadal
41%
Wimbledon2004Federer Roddick
41%
Wimbledon2013Murray Djokovic
41%
US Open2012Murray Djokovic
41%
US Open2017Nadal Anderson
41%
US Open2010Nadal Djokovic
41%
Australian Open2014Wawrinka Nadal
41%
US Open2007Federer Djokovic
38%
Wimbledon2012Federer Murray
38%
Wimbledon2005Federer Roddick
38%
Wimbledon2010Nadal Berdych
38%
Australian Open2009Nadal Federer
38%
Roland Garros2005Nadal Puerta
38%
Australian Open2010Federer Murray
35%
US Open2008Federer Murray
35%
Roland Garros2004Gaudio Coria
35%
Australian Open2006Federer Baghdatis
32%
US Open2005Federer Agassi
30%
Australian Open2007Federer Gonzalez
30%
US Open2004Federer Hewitt
30%
Wimbledon2003Federer Philippoussis
30%
US Open2003Roddick Ferrero
30%
Wimbledon2001Ivanisevic Rafter
24%
Australian Open2005Safin Hewitt
24%
Australian Open2004Federer Safin
22%
Wimbledon2002Hewitt Nalbandian
22%
US Open2002Sampras Agassi
22%
Roland Garros2002Costa Ferrero
19%
Roland Garros2003Ferrero Verkerk
19%
Wimbledon2000Sampras Rafter
19%
US Open2001Hewitt Sampras
16%
Roland Garros2001Kuerten Corretja
16%
Australian Open2000Agassi Kafelnikov
14%
Roland Garros2000Kuerten Norman
14%
Australian Open2001Agassi Clement
11%
Australian Open2002Johansson Safin
11%
US Open2000Safin Sampras
11%
Australian Open2003Agassi Schuttler
8%

Score Distribution

Percentile by Number Answered

Percent of People with Each Score

Your Score History

You have not taken this quiz since the last reset